The Complete Illustrated Works of Hans Christian Andersen (Record no. 533928)
[ view plain ]
| 000 -LEADER | |
|---|---|
| fixed length control field | 00346nam a22001337a 4500 |
| 020 ## - INTERNATIONAL STANDARD BOOK NUMBER | |
| International Standard Book Number | 1851525041 |
| 040 ## - CATALOGING SOURCE | |
| Transcribing agency | MSOHAIL |
| 082 ## - DEWEY DECIMAL CLASSIFICATION NUMBER | |
| Classification number | 839.8136 |
| 100 ## - MAIN ENTRY--PERSONAL NAME | |
| Personal name | Hans Christian Andersen |
| 9 (RLIN) | 27986 |
| 245 ## - TITLE STATEMENT | |
| Title | The Complete Illustrated Works of Hans Christian Andersen |
| 260 ## - PUBLICATION, DISTRIBUTION, ETC. | |
| Place of publication, distribution, etc. | London |
| Name of publisher, distributor, etc. | Bounty Books |
| Date of publication, distribution, etc. | c2007 |
| 300 ## - PHYSICAL DESCRIPTION | |
| Extent | 948;pxv |
| 942 ## - ADDED ENTRY ELEMENTS (KOHA) | |
| Source of classification or shelving scheme | |
| Koha item type | Book |
| Withdrawn status | Lost status | Source of classification or shelving scheme | Damaged status | Not for loan | Permanent Location | Current Location | Date acquired | Total Checkouts | Full call number | Barcode | Date last seen | Price effective from | Koha item type |
|---|---|---|---|---|---|---|---|---|---|---|---|---|---|
| School of Civil and Environmental Engineering (SCEE) | School of Civil and Environmental Engineering (SCEE) | 01/24/2020 | 839.8136 | NIT-9461 | 01/24/2020 | 01/24/2020 | Book |
